[Event "Mecklenburg VP LL2 Ost 2223"]
[Site "Mecklenburg VP"]
[Date "2023.01.15"]
[Round "5.5"]
[White "Reimer, Karl"]
[Black "Krueger, Alexander2222"]
[Result "0-1"]
[WhiteElo "1520"]
[BlackElo "2072"]
[PlyCount "102"]
[EventDate "2022.10.23"]
[EventType "team-tourn"]
[EventRounds "9"]
[EventCountry "GER"]
[SourceTitle "EXT 2024"]
[Source "ChessBase"]
[SourceDate "2023.10.10"]
[SourceVersion "1"]
[SourceVersionDate "2023.10.10"]
[SourceQuality "1"]
[WhiteTeam "Motor Wolgast"]
[BlackTeam "Graal Mueritz"]
[WhiteTeamCountry "GER"]
[BlackTeamCountry "GER"]

1. d4 e6 2. c4 d5 3. cxd5 exd5 4. Nc3 Nf6 5. Bg5 Be7 6. Nf3 0-0 7. e3 c6 8. Be2 Ne4 9. Bxe7 Qxe7 10. 0-0 Nd7 11. Re1 Ndf6 12. Nd2 Bf5 13. Ndxe4 Nxe4 14. Nxe4 dxe4 15. f3 Rad8 16. fxe4 Bxe4 17. Bf3 c5 18. Qe2 Bxf3 19. Qxf3 cxd4 20. exd4 Qb4 21. d5 Qxb2 22. Qe4 b6 23. a4 Qb3 24. Rad1 Rd6 25. Rd3 Qc2 26. Re2 Qc1+ 27. Re1 Qc5+ 28. Kh1 h6 29. h3 Rfd8 30. Red1 a6 31. Qe5 Qc2 32. Rd4 Rg6 33. R1d2 Qc1+ 34. Kh2 Qc5 35. Qe4 Qc7+ 36. Kh1 Rdd6 37. Rc2 Qd7 38. Qd3 b5 39. axb5 axb5 40. Qa3 Qb7 41. Qc5 Qb6 42. Rb4 Qa5 43. Rxb5 Qa1+ 44. Rc1 Qe5 45. Qc8+ Kh7 46. Qc4 Rg5 47. Qd3+ f5 48. Rd1 Rg3 49. Qc2 Rdg6 50. Rd2 Qe1+ 51. Kh2 Rxh3+ 0-1

[Event "Pfalz-ch Seniors 86th"]
[Site "Wolfstein"]
[Date "2017.04.14"]
[Round "6"]
[White "Weidinger, Otwin"]
[Black "Reimer, Karl"]
[Result "0-1"]
[WhiteElo "1406"]
[BlackElo "1565"]
[PlyCount "138"]
[EventDate "2017.04.07"]
[EventType "swiss"]
[EventRounds "7"]
[EventCountry "GER"]
[SourceTitle "EXT 2018"]
[Source "ChessBase"]
[SourceDate "2017.10.13"]
[SourceVersion "1"]
[SourceVersionDate "2017.10.13"]
[SourceQuality "1"]

1. e4 c5 2. f4 d6 3. Nf3 Nc6 4. Bb5 Bd7 5. Nc3 Nf6 6. d3 g6 7. 0-0 Bg7 8. Bd2 0-0 9. h3 a6 10. Bxc6 Bxc6 11. Qe2 Qc7 12. b3 b5 13. Rab1 b4 14. Nd1 a5 15. Nb2 Nh5 16. Be1 Nxf4 17. Qd2 Bh6 18. Qd1 Bg7 19. Bd2 Nh5 20. Be1 Nf6 21. Nc4 e6 22. Qe2 Bb5 23. Nb2 Nd7 24. Nd1 d5 25. c3 dxe4 26. Qxe4 Nf6 27. Qe2 Rad8 28. c4 Bc6 29. Bf2 Bb7 30. Ne3 e5 31. Rbd1 e4 32. dxe4 Nxe4 33. Rxd8 Rxd8 34. Nd5 Bxd5 35. cxd5 Nc3 36. Qc4 Bf8 37. Re1 Rxd5 38. a3 Rd1 39. Rxd1 Nxd1 40. axb4 axb4 41. Qd3 Nxf2 42. Kxf2 Qe7 43. Qc4 Qe6 44. Qd3 Be7 45. g4 h6 46. Kg3 Qd6+ 47. Qxd6 Bxd6+ 48. Kg2 Kg7 49. Nd2 Be5 50. Nc4 Bd4 51. Kf3 Kf6 52. h4 Ke6 53. Ke4 f5+ 54. gxf5+ gxf5+ 55. Kf4 Bf6 56. h5 Bg5+ 57. Kf3 Kd5 58. Nb6+ Kd4 59. Nc4 Kc3 60. Na5 Bd8 61. Nc6 Bc7 62. Ne7 Be5 63. Nxf5 Kxb3 64. Ke4 Bd4 65. Kd3 Be5 66. Ne3 Bd4 67. Nc4 Ka2 68. Kc2 b3+ 69. Kc1 b2+ 0-1

[Event "Pfalz-ch Seniors 86th"]
[Site "Wolfstein"]
[Date "2017.04.08"]
[Round "2"]
[White "Reimer, Karl"]
[Black "Rheinheimer, Dieter"]
[Result "1-0"]
[WhiteElo "1565"]
[BlackElo "1451"]
[PlyCount "103"]
[EventDate "2017.04.07"]
[EventType "swiss"]
[EventRounds "7"]
[EventCountry "GER"]
[SourceTitle "EXT 2018"]
[Source "ChessBase"]
[SourceDate "2017.10.13"]
[SourceVersion "1"]
[SourceVersionDate "2017.10.13"]
[SourceQuality "1"]

1. b4 d5 2. Bb2 f5 3. e3 e6 4. c4 Nf6 5. a3 Be7 6. Nf3 0-0 7. Nc3 Ne4 8. Qb3 Nxc3 9. Bxc3 Bf6 10. cxd5 Qxd5 11. Bc4 Qd6 12. Bxf6 Rxf6 13. 0-0 c6 14. d4 b5 15. Bd3 a5 16. Nh4 a4 17. Qa2 g6 18. Nf3 Kg7 19. Qc2 Nd7 20. Rac1 Bb7 21. Qc3 Rc8 22. Nd2 Nb6 23. e4 Qd7 24. Qc5 Qd8 25. Qc3 fxe4 26. Nxe4 Nd5 27. Qc5 Nf4 28. Rfd1 Nxd3 29. Rxd3 Rf5 30. Qd6 Qxd6 31. Nxd6 Rc7 32. Ne8+ Kh6 33. Nxc7 e5 34. Rh3+ Kg7 35. Ne6+ Kf6 36. Nc5 Bc8 37. Ne4+ Kg7 38. Nd6 Rf8 39. Nxc8 Rxc8 40. dxe5 Rd8 41. g3 Rd3 42. Ra1 h5 43. Rh4 Rd5 44. Re4 c5 45. bxc5 Rxc5 46. Re3 Kf7 47. Rd1 Ke6 48. Rd6+ Kf5 49. Rf6+ Kg5 50. h4+ Kg4 51. Kg2 Rc2 52. Re4# 1-0

[Event "Rheinland Pfalz op Seniors 13th"]
[Site "Neustadt an der Weinstrasse"]
[Date "2015.07.11"]
[Round "2"]
[White "Mayeres, Hans Christian"]
[Black "Reimer, Karl"]
[Result "1-0"]
[WhiteElo "1873"]
[BlackElo "1436"]
[PlyCount "81"]
[EventDate "2015.07.10"]
[EventType "swiss"]
[EventRounds "7"]
[EventCountry "GER"]
[SourceTitle "EXT 2019"]
[Source "ChessBase"]
[SourceDate "2018.10.10"]
[SourceVersion "1"]
[SourceVersionDate "2018.10.10"]
[SourceQuality "1"]

1. c4 d6 2. Nc3 Nf6 3. g3 c6 4. Bg2 g6 5. Nf3 Bg7 6. 0-0 Nbd7 7. d4 Nb6 8. b3 0-0 9. Bg5 h6 10. Bd2 Be6 11. e4 Qc8 12. Re1 Bh3 13. Bh1 Qg4 14. Qc1 Kh7 15. e5 Ne8 16. Re4 Qd7 17. Rh4 Bg4 18. Bxh6 Bh5 19. Bxg7 Kxg7 20. g4 Rh8 21. gxh5 Rxh5 22. Qf4 Qf5 23. Qxf5 Rxf5 24. Re1 e6 25. Ne4 d5 26. Ng3 Rxf3 27. Bxf3 dxc4 28. bxc4 Nxc4 29. Ne4 Rd8 30. Ng5 Rd7 31. Ree4 Nd2 32. Ref4 Kg8 33. Rh7 Ng7 34. Bg4 Nc4 35. h4 Nb6 36. h5 Nd5 37. Rf3 Nf5 38. hxg6 Nxd4 39. Rfxf7 Rxf7 40. gxf7+ Kf8 41. Rh8+ 1-0